000 02344nam a2200349 a 4500
001 000042869
003 DO-SdBNP
005 20221213142627.0
008 140211s2011 sp 000 0 spa d
020 _a9788497843270
040 _aDO-SdBNP
_bspa
_cBNPHU
082 4 _a305.8
_bC748i
_222
245 0 0 _aConflictos Interculturales. /
_ccoordinación, Néstor García Canclini ; José Luis Brea ... [et al.]
260 _aBarcelona, España :
_bGedisa,
_c2011.
300 _a179 p. ;
_c23 cm.
490 0 _aCultura
500 _aLos textos contenidos en esta obra están compuestos por las conferencias y las discuciones que se realizaron en la Ciudad de México el 25 y 26 de junio de 2007. La publicación de esta obra ha sido posible gracias al Centro cultural España de México (AECID), auspiciante de dicho encuentro"
505 _aprefacio --
_t1. Literatura: cómo se narran los cruces interculturales --
_tEn construcción. Identidad y ficción en algunas novelas de hoy. /
_rGraciela Speranza --
_tIdentidades fronterizas /
_rJuan Villoro --
_tDiálogo --
_t2. Las artes cómo parte de la cultura visual globalizada --
_rLa muerte del arte y la muerte del arte /
_rJosé Luis Brea
_tInundaciones.
_rCuauhetémoc Medina --
_tDiálogo --
_t3. ¿Qué puede decir la antropología sobre los nuevos conflictos interculturales?
_rLa antropología y los conflictos interculturales /
_rManuel Gutiérrez Estévez --
_tDe la diversidad la interculturalidad /
_rNéstor García Canclini --
_tDiálogo --
_t4. Comunicación entre hispanohablantes : mercados y políticas culturales.
_tComunicación entre hispanohablantes : España, América Latina, y estados Unidos. Emili Prado.
_tHacia un espacio un espacio audiovisual iberoamericano /
_rEnrique E. Sánchez Ruiz --
_tDiálogo --
_tNotas sobre los autores.
590 _aInventariado, 2022/MFF
650 4 _aConflictos culturales
_933623
700 1 _aGarcía Canclini, Néstor
_ecoord.
_947588
700 1 _aBrea, José Luis
_ecoord.
_970276
700 1 _aGutiérrez Estévez, Manuel
_970277
700 1 _aMedina, Cuauhtémoc
_970278
700 1 _aPrado, Emili
_970279
700 1 _aSánchez Ruiz, Enrique
_970280
700 1 _aSperanza, Graciela
_970281
700 1 _aVilloro, Juan
_970282
830 0 _aCultura
_956064
910 _aInventariado, 2022/Validado, 2022/MFF
942 _2ddc
_cLBS1
999 _c42358
_d42358